000 00561nam a2200229 a 4500
001 nice12345678
003 IN_TiNIC
005 20260116013015.0
008 070918s0000 paka grp 000 0 eng
020 _a
_c100
082 0 0 _a297.4
_bIQB3
100 _aIqbal, Mohammad
245 _aSources of Iqbal`s Perfect Man
260 _aPakistan
_bNo Publisher
_c0000
300 _a88p
500 _aincludes index and biblioraphy
650 _aPhilosophy-Islamic-Iqbal
700 1 _aIqbal, Mohammad
902 _bSRS
942 _cBK
999 _c9245
_d9245